000 00603nam a2200229Ia 4500
003 OSt
005 20221007065007.0
006 a|||||r|||| 00| 0
007 ta
008 221006b |||||||| |||| 00| 0 eng d
024 _a10,724
037 _cTextual
040 _aFLL
_cFLL
_beng
041 _2eng
_aeng
082 _aQ2oaY, M0
100 _aMees Gualtherus H. Au.
_9686519
245 0 _aDharma and socity
260 _aDelhi
_bSeema publications India
_c1980
300 _a206p
_ccm.
942 _hQ2oaY, M0
_cTEXL
_2CC
999 _c1135969
_d1135969